000 005150000a22001090004500
100 1 _aPautassi, María Alejandra
245 1 0 _aLas dos caras de las ferias de arte
300 _aVol.0, núm.25 (Octubre, 2007), Páginas 18-19
520 _aBogotá ahota tiene dos ferias de arte. Como en muchas ciudades siempre surgen eventos paralelos a los institucionales. Y es habitual que produzcan controversia. ¿Qué opinan los organizadores y críticos?
773 0 _tArcadia / Andrés Felipe Solano, Editor
942 _cANA
999 _c62409
_d62409